00385nam a2200121Ia 4500082002000000245003600020260003600056300001400092650006100106650003400167650003900201700002300240 a307.720954 RUR; 0aRural settlements in South Asia aNew DelhibMerb Bookshelfc1980 axi, 265p. aRural development - Sociological aspects - South Asia -  aSouth Asia - Rural conditions aSocial service, Rural - South Asia aChanana, Charanjit